| 000 | 00594nmm a2200241 a 4500 | ||
|---|---|---|---|
| 003 | AR-BaBNM | ||
| 005 | 20251128202818.0 | ||
| 008 | 057019s1951 ||||||||||||||000 | spa|| | ||
| 040 | _cAR-BaBNM | ||
| 100 | 0 | _aCaumery | |
| 245 | 1 | 0 | _aBécassine en roulotte |
| 260 |
_aParís _bEditions Gautier-Languereau _c1951 |
||
| 300 | 0 |
_a47 p. _bil. |
|
| 650 | 4 | _aLITERATURA INFANTIL | |
| 650 | 4 | _aLIBROS PARA NINOS | |
| 650 | 4 | _aLITERATURA FRANCESA | |
| 650 | 4 | _aHUMOR | |
| 653 | _aHISTORIETAS | ||
| 655 | _aLITERATURA | ||
| 700 | 1 |
_aPinchon, J.P. _eilustrador |
|
| 942 | _cBK | ||
| 998 | _cMARTIN | ||
| 999 |
_c693 _d693 |
||